Os países da Oceania sem o mapa - Statistics

Estatísticas Gerais
  • Esse quiz foi jogado 162 vezes
  • A pontuação média é 13 de 14
Estatísticas das Respostas
País % Correto
Austrália
99%
Fiji
97%
Nova Zelândia
97%
Ilhas Marshall
95%
Ilhas Salomão
95%
Palau
95%
Tuvalu
94%
Vanuatu
93%
Estados Federados da Micronésia
91%
Papua Nova Guiné
91%
Nauru
89%
Kiribati
88%
Samoa
88%
Tonga
85%
Nenhum quiz correspondente encontrado
Distribuição das Pontuações
Porcentagem de Pessoas com Cada Pontuação
Percentil de Números Respondidos
Sua Pontuação Histórica
Você não jogou esse quiz